Սպիտակ գնչուն : (Record no. 131246)
[ view plain ]
| 000 -LEADER | |
|---|---|
| fixed length control field | 00973nam a2200229 a 4500 |
| 001 - CONTROL NUMBER | |
| control field | 000344854 |
| 003 - CONTROL NUMBER IDENTIFIER | |
| control field | AM-YeHGA |
| 005 - DATE AND TIME OF LATEST TRANSACTION | |
| control field | 20250618072142.0 |
| 008 - FIXED-LENGTH DATA ELEMENTS--GENERAL INFORMATION | |
| fixed length control field | 040618s1980 ai ||||gr|||||||||1|arm|d |
| 040 ## - CATALOGING SOURCE | |
| Original cataloging agency | AM-YeHGA |
| 041 1# - LANGUAGE CODE | |
| Language code of text/sound track or separate title | arm |
| Language code of original | rus |
| 090 ## - LOCALLY ASSIGNED LC-TYPE CALL NUMBER (OCLC); LOCAL CALL NUMBER (RLIN) | |
| -- | 132612 |
| 100 1# - MAIN ENTRY--PERSONAL NAME | |
| Personal name | Պոդգորեց, Վիդոե |
| 245 10 - TITLE STATEMENT | |
| Title | Սպիտակ գնչուն : |
| Remainder of title | [Վիպակ] / |
| Statement of responsibility, etc. | Վիդոե Պոդգորեց ; Ռուս. թարգմ.՝ Լ. Սարգսյան ; Խմբ.՝ Էդ.Ս. Ավագյան ; Վերջաբ. հեղ.՝ Վ. Ֆինիկով. |
| 260 ## - PUBLICATION, DISTRIBUTION, ETC. | |
| Place of publication, distribution, etc. | Երևան : |
| Name of publisher, distributor, etc. | Սովետական գրող, |
| Date of publication, distribution, etc. | 1980. |
| 300 ## - PHYSICAL DESCRIPTION | |
| Extent | 128 էջ ; |
| Dimensions | 22 սմ. |
| 650 14 - SUBJECT ADDED ENTRY--TOPICAL TERM | |
| Topical term or geographic name entry element | Մակեդոնական գրականություն |
| General subdivision | Վիպակ |
| 700 1# - ADDED ENTRY--PERSONAL NAME | |
| Personal name | Սարգսյան, Լիպարիտ Տիգրանի, |
| Dates associated with a name | 1938-2023 |
| Relator term | թարգմ. |
| Relationship | trl |
| 9 (RLIN) | 1060 |
| 700 1# - ADDED ENTRY--PERSONAL NAME | |
| Personal name | Ավագյան, Էդուարդ Սամվելի, |
| Dates associated with a name | 1927-2010 |
| Relator term | խմբ. |
| Relationship | edt |
| 9 (RLIN) | 1279 |
| 700 1# - ADDED ENTRY--PERSONAL NAME | |
| Personal name | Ֆինիկով, Վ. |
| Relator term | վերջաբ. |
| Relationship | aft |
| 942 ## - ADDED ENTRY ELEMENTS (KOHA) | |
| Source of classification or shelving scheme | Universal Decimal Classification |
| Koha item type | Գրքեր / Books |
| Withdrawn status | Lost status | Source of classification or shelving scheme | Damaged status | Not for loan | Collection | Home library | Current library | Date acquired | Total checkouts | Full call number | Barcode | Date last seen | Price effective from | Koha item type | Public note |
|---|---|---|---|---|---|---|---|---|---|---|---|---|---|---|---|
| Universal Decimal Classification | General | Fundamental Scientific Library | Fundamental Scientific Library | 22/12/2016 | AII/63583 | 220063583 | 22/12/2016 | 22/12/2016 | Գրքեր / Books | 30 Days Loan | |||||
| Universal Decimal Classification | General | Fundamental Scientific Library | Fundamental Scientific Library | 22/12/2016 | AII/64431 | 220064431 | 22/12/2016 | 22/12/2016 | Գրքեր / Books | 30 Days Loan |
ՀՀ Գիտությունների ազգային ակադեմիայի հիմնարար գիտական գրադարան = Fundamental Scientific Library of NAS RA
All site content, except where otherwise noted, is licensed under a